MARC

LEADER 00000nam0a2200000 4500
001 134932
005 20231101220522.0
035 |a (RuTPU)RU\TPU\book\146244 
090 |a 134932 
100 |a 20080404d1967 m y0rusy50 ca 
101 0 |a rus 
102 |a RU 
105 |a a z 001zy 
200 1 |a Газо-адсорбционная хроматография  |f А. В. Киселев, Я. И. Яшин  |g Академия наук СССР (АН СССР), Институт физической химии 
210 |a Москва  |c Наука  |d 1967 
215 |a 256с.  |c ил. 
225 1 |a Химия поверхности и адсорбция 
320 |a Библиография в конце глав. 
606 1 |a Хроматография газовая  |2 stltpush  |3 (RuTPU)RU\TPU\subj\70069  |9 84617 
606 1 |a Хроматография адсорбционная  |2 stltpush  |3 (RuTPU)RU\TPU\subj\73829  |9 86586 
610 1 |a химия 
675 |a 543.544.1  |v 3 
675 |a 543.544.3  |v 3 
700 1 |a Киселев  |b А. В.  |g Андрей Владимирович 
701 1 |a Яшин  |b Я. И.  |g Яков Иванович 
712 0 2 |a Академия наук СССР (АН СССР)  |b Институт физической химии  |c (Москва)  |2 stltpush  |3 (RuTPU)RU\TPU\col\11504 
801 1 |a RU  |b 63413507  |c 20080404  |g PSBO 
801 2 |a RU  |b 63413507  |c 20210120  |g PSBO 
942 |c BK